Hearings Before Special Subcommittee on National Military Airlift : hearings before the United States House Committee on Armed Services, Special Subcommittee on National Military Airlift, Eighty-Sixth Congress, second session, on Mar. 8-11, 14, 15, 17, 18, 28, 31, Apr. 1, 4, 7, 8, 11, 20-22, 1960.

Committee Serial No. 54. Reviews ability of national airlift to perform in peacetime emergencies and in support of war efforts. Focuses on role of civilian aircraft and personnel.

Bibliographic Details
Corporate Authors: United States. Congress. House. Committee on Armed Services. Special Subcommittee on National Military Airlift, ProQuest (Firm)
Format: Government Document eBook
Language:English
Published: Washington : U.S. G.P.O., 1960.
Series:U.S. Congressional Hearings.
Subjects:
Online Access:Connect to the full text of this electronic book

MARC

Tag First Indicator Second Indicator Subfields
LEADER 00000cam a22000001a 4500
001 in00003207813
005 20190404171751.0
006 m d f
007 cr bn mmmapmmp
008 090623s1960 dcu o f000 0 eng d
035 |a cis2007426799 
040 |a UMI  |c UMI  |d UtOrBLW 
043 |a n-us--- 
086 0 |a Y 4.Ar 5/2 a:959-60/54 
099 |a HRG-1960-ASH-0018 
110 1 |a United States.  |b Congress.  |b House.  |b Committee on Armed Services.  |b Special Subcommittee on National Military Airlift. 
245 1 0 |a Hearings Before Special Subcommittee on National Military Airlift :  |b hearings before the United States House Committee on Armed Services, Special Subcommittee on National Military Airlift, Eighty-Sixth Congress, second session, on Mar. 8-11, 14, 15, 17, 18, 28, 31, Apr. 1, 4, 7, 8, 11, 20-22, 1960. 
264 1 |a Washington :  |b U.S. G.P.O.,  |c 1960. 
300 |a 1 online resource. 
336 |a text  |b txt  |2 rdacontent 
337 |a computer  |b c  |2 rdamedia 
338 |a online resource  |b cr  |2 rdacarrier 
500 |a Record is based on bibliographic data in ProQuest Congressional Hearings Digital Collection. Reuse except for individual research requires license from ProQuest, LLC. 
520 |a Committee Serial No. 54. Reviews ability of national airlift to perform in peacetime emergencies and in support of war efforts. Focuses on role of civilian aircraft and personnel. 
538 |a System requirements: PDF reader software. 
500 |a Electronic resource. 
650 0 |a Airlift, Military  |z United States. 
650 0 |a Civil-military relations  |z United States. 
655 7 |a Electronic books.  |2 local 
710 2 |a ProQuest (Firm) 
776 0 8 |i Print version:  |a United States. Congress. House. Committee on Armed Services. Special Subcommittee on National Military Airlift.  |t Hearings Before Special Subcommittee on National Military Airlift 
776 0 8 |i Microfiche version:  |a United States. Congress. House. Committee on Armed Services. Special Subcommittee on National Military Airlift.  |t Hearings Before Special Subcommittee on National Military Airlift.  |d [Bethesda, Md.] : ProQuest,[2004]  |o CIS Hrgs MF Gp 3--(86) H1847-0.17  |w (ProQuest)cis10700842 
830 0 |a U.S. Congressional Hearings. 
856 4 0 |u http://proxy.library.tamu.edu/login?url=http://congressional.proquest.com/congcomp/getdoc?HEARING-ID=HRG-1960-ASH-0018  |z Connect to the full text of this electronic book  |t 0 
998 |a cis10700842 
999 |a MARS 
999 f f |s 0bc345e4-72f8-3a98-8fa5-eb9bcafa3e31  |i cd995d38-603c-3238-8fbc-52a7a6e9f8fd  |t 0 
952 f f |a Texas A&M University  |b College Station  |c Electronic Resources  |d Available Online  |t 0  |e HRG-1960-ASH-0018  |h Other scheme 
998 f f |a HRG-1960-ASH-0018  |t 0  |l Available Online